[Event "16e Open International - Réunion"]
[Site "Saint-Denis (974)"]
[Date "2014.10.23"]
[Round "7.21"]
[White "Fontaine, Willy"]
[Black "Sandjivy, Jean Marc"]
[Result "1-0"]
[WhiteElo "1456"]
[BlackElo "1366"]
[PlyCount "167"]
[EventDate "2014.??.??"]

1. e4 c5 2. Nf3 d6 3. c4 Nc6 4. Nc3 Nf6 5. d3 Bd7 6. h3 e6 7. Be2 Be7 8. Be3
O-O 9. O-O Re8 10. Qc1 e5 11. Bg5 h6 12. Bxf6 Bxf6 13. Nd5 a6 14. Nh2 Bg5 15.
Qc2 Nd4 16. Qd1 Nxe2+ 17. Qxe2 b5 18. cxb5 axb5 19. Nf3 Bf6 20. Nh2 Bc6 21.
Nxf6+ Qxf6 22. Ng4 Qd8 23. f4 exf4 24. Rxf4 Qe7 25. Raf1 Rf8 26. b3 Rab8 27.
Qb2 h5 28. Ne3 Rbe8 29. Nf5 Qe5 30. Qxe5 Rxe5 31. Rh4 g6 32. Ng3 Rfe8 33. Rhf4
R8e7 34. Rf6 R5e6 35. R6f4 d5 36. Re1 dxe4 37. dxe4 c4 38. Rc1 Bxe4 39. Nxe4
Rxe4 40. Rxe4 Rxe4 41. bxc4 bxc4 42. a4 c3 43. a5 Ra4 44. Rxc3 Rxa5 45. Rc8+
Kg7 46. Rc7 h4 47. Kf2 Rf5+ 48. Kg1 Rf4 49. Rc5 f6 50. Rc7+ Kh6 51. Rc8 g5 52.
Rh8+ Kg7 53. Rd8 Kg6 54. Rg8+ Kf7 55. Rd8 Ke6 56. Re8+ Kf5 57. Rb8 Ke4 58. Re8+
Kf5 59. Re7 Rd4 60. Rb7 Kf4 61. Rf7 Rd6 62. Ra7 f5 63. Ra4+ Ke5 64. Ra5+ Rd5
65. Ra4 Rd4 66. Ra5+ Kf4 67. Ra3 Re4 68. Kf2 Ke5 69. Ra5+ Kf6 70. Ra6+ Ke5 71.
Ra5+ Kd4 72. Rxf5 Re5 73. Rf8 Ke4 74. Ra8 Rf5+ 75. Ke2 Kf4 76. Ra4+ Kg3 77.
Rg4+ Kh2 78. Kd3 Ra5 79. Ke3 Ra3+ 80. Kf2 Rg3 81. Rxg3 hxg3+ 82. Kf3 Kh1 83.
Kxg3 g4 84. hxg4 1-0

[Event "16e Open International - Réunion"]
[Site "Saint-Denis (974)"]
[Date "2014.10.23"]
[Round "7.24"]
[White "Labrande, Jean Donatien"]
[Black "Caminade, Lionel"]
[Result "1-0"]
[WhiteElo "1372"]
[BlackElo "1240"]
[PlyCount "51"]
[EventDate "2014.??.??"]

1. e4 e6 2. d4 g6 3. Nf3 Bg7 4. Be3 d6 5. Nc3 Ne7 6. Qd2 O-O 7. Bh6 Nd7 8.
O-O-O b6 9. h4 c5 10. h5 cxd4 11. Nxd4 Bb7 12. hxg6 Nxg6 13. Bxg7 Kxg7 14. Qh6+
Kf6 15. f4 Ke7 16. f5 e5 17. fxg6 exd4 18. Nd5+ Bxd5 19. exd5 hxg6 20. Rxd4 Rh8
21. Qg5+ Nf6 22. Re4+ Kd7 23. Bb5+ Kc7 24. Rc4+ Kb7 25. Bc6+ Ka6 26. Ra4# 1-0

[Event "16e Open International - Réunion"]
[Site "Saint-Denis (974)"]
[Date "2014.10.23"]
[Round "7.25"]
[White "Cazal, Julian"]
[Black "Labrande, Mona"]
[Result "0-1"]
[WhiteElo "1100"]
[BlackElo "1200"]
[PlyCount "70"]
[EventDate "2014.??.??"]

1. e4 e5 2. Nc3 Nf6 3. Bc4 Bc5 4. a3 d6 5. b4 Bb6 6. Qf3 Bd7 7. Nd5 Bd4 8. Ne2
Bxa1 9. Nxf6+ Qxf6 10. Bxf7+ Qxf7 11. d3 Rf8 12. Qg3 Nc6 13. Bg5 h6 14. Be3
O-O-O 15. O-O Bb2 16. f4 Nd4 17. Nxd4 exd4 18. Rb1 Bc3 19. Rb3 Be6 20. Bxd4
Bxd4+ 21. Kh1 Bxb3 22. cxb3 Qxb3 23. Qg4+ Kb8 24. h3 Qb1+ 25. Kh2 Qg1+ 26. Kg3
Qf2+ 27. Kh2 Rxf4 28. Qh5 Be5 29. Qxe5 dxe5 30. a4 Rdf8 31. b5 Qe1 32. a5 Rf2
33. a6 b6 34. h4 Qf1 35. h5 Qxg2# 0-1

[Event "16e Open International - Réunion"]
[Site "Saint-Denis (974)"]
[Date "2014.10.23"]
[Round "7.26"]
[White "Caminade, Hugo"]
[Black "Alex-Geerjanan, Nils"]
[Result "1-0"]
[WhiteElo "1070"]
[BlackElo "1009"]
[PlyCount "49"]
[EventDate "2014.??.??"]

1. Nf3 d5 2. c4 c6 3. cxd5 cxd5 4. g3 Nf6 5. Nc3 Nc6 6. d4 g6 7. Bg2 Bg7 8. O-O
O-O 9. Be3 Bd7 10. Qd2 Qc8 11. Bh6 Ng4 12. Bxg7 Kxg7 13. h3 Nh6 14. Ng5 Qc7 15.
Nxd5 Nf5 16. Nxc7 Rac8 17. Bxc6 Bxc6 18. Qc3 Rxc7 19. d5+ Kg8 20. dxc6 Rxc6 21.
Qb4 Rb6 22. Qa4 Ra6 23. Qf4 Nd6 24. Qh4 Nc4 25. Qxh7# 1-0

[Event "16e Open International - Réunion"]
[Site "Saint-Denis (974)"]
[Date "2014.10.23"]
[Round "7.27"]
[White "Le Maguet, Loan"]
[Black "Collet, Marine Celine Theres"]
[Result "1-0"]
[WhiteElo "1280"]
[BlackElo "1009"]
[PlyCount "81"]
[EventDate "2014.??.??"]

1. e4 e5 2. Nf3 Nc6 3. Bb5 a6 4. Ba4 Nf6 5. O-O Nxe4 6. Re1 d5 7. Nxe5 Bd6 8.
Nxc6 bxc6 9. Bxc6+ Kf8 10. Bxa8 Qh4 11. g3 Qh3 12. Qf3 Bg4 13. Qg2 Ke7 14. Qxh3
Bxh3 15. Bxd5 f5 16. d3 c6 17. Bxc6 a5 18. dxe4 fxe4 19. Bxe4 Bc5 20. Bg2+ Kd7
21. Bxh3+ Kd8 22. Bg5+ Kc7 23. Bf4+ Kc6 24. Bg2+ Kd7 25. Rd1+ Ke7 26. Nc3 Rd8
27. Bg5+ Ke8 28. Rxd8+ Kf7 29. Bd5+ Kg6 30. h4 h6 31. Be3 Bxe3 32. fxe3 h5 33.
Rf8 Kh7 34. e4 g6 35. e5 Kg7 36. Raf1 Kh6 37. R1f7 g5 38. hxg5+ Kxg5 39. e6 Kg6
40. e7 Kh6 41. e8=Q 1-0

[Event "16e Open International - Réunion"]
[Site "Saint-Denis (974)"]
[Date "2014.10.24"]
[Round "8"]
[White "Stahl, Clement"]
[Black "Mezouaghi, Miloud"]
[Result "1-0"]
[WhiteElo "2149"]
[BlackElo "2037"]
[PlyCount "57"]
[EventDate "2014.??.??"]

1. e4 c5 2. Nf3 d6 3. d4 cxd4 4. Nxd4 Nf6 5. Nc3 a6 6. Bg5 e6 7. f4 Be7 8. Qf3
Qc7 9. O-O-O Nbd7 10. Bd3 h6 11. Bh4 Rb8 12. Rhe1 O-O 13. e5 dxe5 14. fxe5 Bc5
15. exf6 Bxd4 16. Qe4 g6 17. Qxd4 Qxh2 18. Qf2 Ra8 19. Bg3 Qh5 20. Rh1 Qg5+ 21.
Kb1 Qxf6 22. Rxh6 Qxf2 23. Bxf2 Kg7 24. Rdh1 f5 25. Rh7+ Kf6 26. Bh4+ Ke5 27.
Be7 Re8 28. Re1+ Kf4 29. Rxe6 1-0

[Event "16e Open International - Réunion"]
[Site "Saint-Denis (974)"]
[Date "2014.10.24"]
[Round "8"]
[White "Wimmer, Olivier"]
[Black "Reinhart, Emmanuel"]
[Result "1/2-1/2"]
[WhiteElo "2044"]
[BlackElo "2355"]
[PlyCount "115"]
[EventDate "2014.??.??"]

1. Nf3 d5 2. g3 Nf6 3. Bg2 c6 4. O-O Bf5 5. d4 h6 6. c4 e6 7. Nc3 Nbd7 8. cxd5
exd5 9. Re1 Be7 10. Ne5 O-O 11. Nd3 Re8 12. a3 a5 13. Bf4 Qb6 14. Na4 Qxd4 15.
Be3 Qc4 16. Rc1 Qa6 17. Nac5 Nxc5 18. Nxc5 Bxc5 19. Bxc5 Rac8 20. Bd4 Nd7 21.
b4 axb4 22. axb4 Qb5 23. Bc3 f6 24. Qd2 Ne5 25. Qf4 Bh7 26. h4 Ra8 27. g4 Ng6
28. Qg3 Qb6 29. g5 hxg5 30. hxg5 fxg5 31. Qxg5 d4 32. Bd2 Ra2 33. Rc5 Nf8 34.
Bh3 Qd8 35. b5 Qxg5+ 36. Bxg5 d3 37. bxc6 Raxe2 38. Rf1 bxc6 39. Rxc6 R8e5 40.
Be3 Rd5 41. Bg2 Rd7 42. Rd1 d2 43. Bf1 Re1 44. Rxd2 Bd3 45. Rxd3 Rxd3 46. Kg2
Rd8 47. Bc4+ Kh7 48. Rc5 Kg6 49. Rg5+ Kf6 50. Ra5 Ne6 51. Ra6 Re8 52. Kf3 Ke5
53. Ra5+ Kf6 54. Ra6 g6 55. Ke4 Rd1 56. Bd5 Kf7 57. Bc4 Kf6 58. Bd5 1/2-1/2

[Event "16e Open International - Réunion"]
[Site "Saint-Denis (974)"]
[Date "2014.10.24"]
[Round "8"]
[White "Calmels, Nicolas"]
[Black "Letreguilly, Olivier"]
[Result "1/2-1/2"]
[WhiteElo "1884"]
[BlackElo "2332"]
[PlyCount "117"]
[EventDate "2014.??.??"]

1. d4 Nf6 2. c4 e6 3. Nf3 b6 4. a3 Bb7 5. e3 g6 6. Nc3 Bg7 7. b4 O-O 8. Bb2 d6
9. Be2 Ne4 10. Qc2 f5 11. Rd1 Ng5 12. d5 Nd7 13. O-O Nxf3+ 14. Bxf3 Ne5 15. Be2
f4 16. exf4 Rxf4 17. g3 Nf3+ 18. Kg2 Nd4 19. Qd2 Rf8 20. Qe3 e5 21. Bg4 h5 22.
Be2 Bc8 23. Bd3 Rf3 24. Qc1 Qd7 25. Ne4 Rf8 26. Bxd4 exd4 27. f4 c6 28. Ng5
cxd5 29. cxd5 Bb7 30. Be4 Rfe8 31. Bf3 Re3 32. Rfe1 Rc8 33. Qb2 Rcc3 34. Rxe3
dxe3 35. Qb1 Qe8 36. Ne4 Rxa3 37. Nxd6 Qd7 38. Nxb7 Qxb7 39. d6 Qd7 40. Qxg6
Ra2+ 41. Kg1 Rd2 42. Rxd2 exd2 43. Qd3 Bf8 44. Bd5+ Kh8 45. Qxd2 Qxd6 46. Qd4+
Bg7 47. Qe4 Bf8 48. Qf5 Qxb4 49. Qxh5+ Kg7 50. Qf7+ Kh6 51. Qf6+ Kh7 52. Qf5+
Kg7 53. Qg5+ Kh7 54. Qg8+ Kh6 55. Bf7 Bc5+ 56. Kg2 Qe4+ 57. Kh3 Qf5+ 58. Kg2
Qe4+ 59. Kh3 1/2-1/2

[Event "16e Open International - Réunion"]
[Site "Saint-Denis (974)"]
[Date "2014.10.24"]
[Round "8"]
[White "Stratonowitsch, Andre"]
[Black "Rajaonson, Andriamahenina"]
[Result "1-0"]
[WhiteElo "2124"]
[BlackElo "1864"]
[PlyCount "51"]
[EventDate "2014.??.??"]

1. e4 c5 2. Nc3 e6 3. Nf3 Nf6 4. d4 cxd4 5. Nxd4 a6 6. e5 Ng8 7. Bd3 d5 8. exd6
Bxd6 9. Qe2 Bb4 10. Nf5 g6 11. Ng3 Nf6 12. Bg5 Be7 13. O-O-O Qa5 14. h4 Nc6 15.
Kb1 Bd7 16. Nge4 Nxe4 17. Nxe4 Bxg5 18. hxg5 O-O-O 19. Nd6+ Kb8 20. Nxf7 Rc8
21. Nxh8 Nb4 22. a3 Nxd3 23. Qxd3 Ba4 24. Rc1 Rxh8 25. Qd6+ Ka8 26. Qb4 1-0

[Event "16e Open International - Réunion"]
[Site "Saint-Denis (974)"]
[Date "2014.10.24"]
[Round "8"]
[White "Roos, Louise"]
[Black "Frelicot, Eric"]
[Result "1/2-1/2"]
[WhiteElo "1914"]
[BlackElo "1841"]
[PlyCount "132"]
[EventDate "2014.??.??"]

1. e4 c6 2. Ne2 d5 3. e5 Bf5 4. Nd4 e6 5. Nxf5 exf5 6. d4 Nd7 7. c3 Be7 8. Bd3
g6 9. Be3 Nf8 10. c4 Ne6 11. f4 Bh4+ 12. g3 Be7 13. Nc3 Bb4 14. O-O Bxc3 15.
bxc3 Ne7 16. Qb3 b6 17. Bc1 O-O 18. Ba3 Re8 19. Bd6 dxc4 20. Bxc4 Nc8 21. d5
Nxd6 22. dxe6 Nxc4 23. exf7+ Kxf7 24. Qxc4+ Qd5 25. Qxd5+ cxd5 26. Rfd1 Red8
27. Kf2 Rac8 28. Rd3 Rc4 29. Rad1 Ke6 30. R1d2 Rc5 31. h4 h5 32. Ke2 b5 33. a3
a5 34. Rb2 Rdc8 35. Kd2 R8c6 36. Rb3 Rb6 37. a4 b4 38. cxb4 Rxb4 39. Rxb4 axb4
40. Rb3 Rc4 41. Kd3 Kd7 42. Kd2 Kc6 43. Rb2 b3 44. Rxb3 Rxa4 45. Rc3+ Kd7 46.
Kd3 d4 47. Rb3 Kc6 48. Kc2 Rc4+ 49. Kd2 Ra4 50. Kc2 Rc4+ 51. Kb2 Ra4 52. Ra3
Rb4+ 53. Rb3 Ra4 54. Ra3 Rb4+ 55. Kc2 Rc4+ 56. Kd3 Rb4 57. Ra6+ Kc5 58. Rxg6
Rb3+ 59. Kd2 Kd5 60. Rd6+ Kc5 61. Rg6 Rf3 62. e6 Kd6 63. Rf6 Rxg3 64. Rxf5 Kxe6
65. Rxh5 Rg4 66. f5+ Kf6 1/2-1/2

[Event "16e Open International - Réunion"]
[Site "Saint-Denis (974)"]
[Date "2014.10.24"]
[Round "8"]
[White "Duprey, Francois-Xavier"]
[Black "Moret, Vincent"]
[Result "0-1"]
[WhiteElo "1764"]
[BlackElo "2175"]
[PlyCount "72"]
[EventDate "2014.??.??"]

1. c4 g6 2. Nf3 Bg7 3. g3 c5 4. Bg2 Nc6 5. O-O e5 6. e4 Nge7 7. Ne1 O-O 8. d3
d6 9. Nc3 f5 10. f4 Rb8 11. Rb1 a6 12. Bd2 b5 13. b3 exf4 14. Rxf4 b4 15. Ne2
Ne5 16. Be3 Bh6 17. d4 Ng4 18. Bc1 Bxf4 19. Bxf4 Qb6 20. d5 fxe4 21. Bxe4 Bf5
22. Bxf5 Nxf5 23. Nf3 Rbe8 24. Bc1 Nfe3 25. Bxe3 Nxe3 26. Qd2 Rxf3 27. Nf4 Rxf4
28. gxf4 Nf5 29. Re1 Qd8 30. Re6 Nd4 31. Re3 Rxe3 32. Qxe3 Kf7 33. Qh3 h5 34.
Qd3 Qh4 35. Qe3 Qe7 36. Qf2 Qe4 0-1

[Event "16e Open International - Réunion"]
[Site "Saint-Denis (974)"]
[Date "2014.10.24"]
[Round "8"]
[White "Jourde, Michel"]
[Black "Payet, Jean-Claude"]
[Result "1-0"]
[WhiteElo "1805"]
[BlackElo "1893"]
[PlyCount "91"]
[EventDate "2014.??.??"]

1. e4 c5 2. d4 cxd4 3. c3 e6 4. Nf3 d5 5. exd5 Qxd5 6. Nxd4 Nf6 7. Bb5+ Bd7 8.
Bxd7+ Nbxd7 9. O-O Be7 10. Qe2 O-O 11. Rd1 Qe5 12. Qf3 Qd5 13. Qe2 Qe5 14. Be3
a6 15. Nd2 Rac8 16. N2f3 Qc7 17. h3 Rfd8 18. Bg5 h6 19. Bh4 Bd6 20. Nxe6 fxe6
21. Qxe6+ Kh8 22. Qxd6 Re8 23. Qxc7 Rxc7 24. Rd2 Rc6 25. Rad1 Re7 26. Nd4 Rc5
27. f3 Kh7 28. g4 Ne5 29. Bxf6 gxf6 30. Kf2 h5 31. Nf5 Rec7 32. f4 Nf7 33. Kf3
Kg6 34. Re2 Rb5 35. Rdd2 a5 36. Re6 a4 37. Ne7+ Kg7 38. Nd5 hxg4+ 39. hxg4 Rd7
40. c4 Rc5 41. b3 b5 42. Rd4 bxc4 43. bxc4 Rd6 44. Rxd6 Nxd6 45. Ne3 Kg6 46.
Rxd6 1-0

[Event "16e Open International - Réunion"]
[Site "Saint-Denis (974)"]
[Date "2014.10.24"]
[Round "8"]
[White "Rodier, David"]
[Black "Rajaobelina, Hery"]
[Result "1-0"]
[WhiteElo "2136"]
[BlackElo "1887"]
[PlyCount "67"]
[EventDate "2014.??.??"]

1. d4 Nf6 2. c4 g6 3. Nc3 Bg7 4. e4 d6 5. Nf3 O-O 6. Be2 e5 7. O-O Nc6 8. d5
Ne7 9. b4 Nh5 10. Re1 f5 11. Ng5 Nf6 12. f3 c6 13. Rb1 h6 14. Ne6 Bxe6 15. dxe6
f4 16. Qb3 Kh8 17. Rd1 Qc7 18. Kh1 b6 19. a4 a6 20. b5 axb5 21. cxb5 c5 22. Bc4
Rfd8 23. Bd2 Qb7 24. Be1 Bf8 25. Rb2 Ra7 26. Rbd2 Nc8 27. Ra2 Qg7 28. Nd5 Nh5
29. a5 Qb7 30. axb6 Rxa2 31. Qxa2 Nxb6 32. Nxb6 Qxb6 33. Ba5 Qa7 34. Bxd8 1-0

[Event "16e Open International - Réunion"]
[Site "Saint-Denis (974)"]
[Date "2014.10.24"]
[Round "8"]
[White "Desire, Michael"]
[Black "Kibria, Golam"]
[Result "1-0"]
[WhiteElo "1751"]
[BlackElo "1699"]
[PlyCount "45"]
[EventDate "2014.??.??"]

1. d4 e6 2. c4 Nf6 3. Nf3 Be7 4. Nc3 h6 5. e4 d5 6. e5 Nh7 7. h4 c5 8. cxd5
exd5 9. dxc5 Be6 10. Nd4 Bxc5 11. Nxe6 fxe6 12. Bb5+ Nc6 13. Qh5+ Kd7 14. Qg4
Qf8 15. O-O a6 16. Nxd5 axb5 17. Nf4 Qf7 18. Rd1+ Kc7 19. Nxe6+ Kb6 20. Nxc5
Nxe5 21. Qd4 Nc6 22. Nd7+ Kc7 23. Qd6+ 1-0

[Event "16e Open International - Réunion"]
[Site "Saint-Denis (974)"]
[Date "2014.10.24"]
[Round "8"]
[White "Vitry, Patrick"]
[Black "Fontaine, Cedric"]
[Result "0-1"]
[WhiteElo "1733"]
[BlackElo "1642"]
[PlyCount "62"]
[EventDate "2014.??.??"]

1. e4 c5 2. Nf3 e6 3. Nc3 a6 4. d4 cxd4 5. Nxd4 Qc7 6. Be3 Nf6 7. a3 Nc6 8. Be2
b5 9. Nxc6 dxc6 10. O-O Bb7 11. f4 c5 12. e5 Nd5 13. Nxd5 Bxd5 14. Qe1 Be7 15.
Qg3 g6 16. Bf3 Rd8 17. Rad1 Qc6 18. Bxd5 Rxd5 19. Qf3 O-O 20. f5 gxf5 21. Bh6
Kh8 22. Bxf8 Bxf8 23. Rxd5 Qxd5 24. Qxd5 exd5 25. Rxf5 Kg7 26. Rf6 a5 27. Ra6
a4 28. Rb6 b4 29. axb4 cxb4 30. Rxb4 Bxb4 31. Kf2 Bc3 0-1

[Event "16e Open International - Réunion"]
[Site "Saint-Denis (974)"]
[Date "2014.10.24"]
[Round "8"]
[White "Cochard, Franck-Olivier"]
[Black "Collet, Jean Daniel"]
[Result "0-1"]
[WhiteElo "1655"]
[BlackElo "1699"]
[PlyCount "62"]
[EventDate "2014.??.??"]

1. Nf3 Nc6 2. d4 d5 3. c4 Nf6 4. Nc3 e6 5. g3 Be7 6. cxd5 exd5 7. Bg2 Be6 8.
Qb3 b6 9. Bg5 Na5 10. Qa4+ Bd7 11. Qc2 c6 12. Ne5 Ng4 13. Bxe7 Qxe7 14. Nxd7
Qxd7 15. Bh3 f5 16. f3 Nh6 17. O-O-O Nc4 18. Qd3 Qe6 19. e4 O-O 20. exd5 cxd5
21. Rhe1 Qd6 22. f4 Rac8 23. Bg2 Na3 24. Kd2 Nc4+ 25. Kc2 Na5 26. Qb5 Kh8 27.
Qxd5 Qb4 28. Kb1 Rxc3 29. a3 Rxa3 30. Re2 Ra1+ 31. Kxa1 Qa4+ 0-1

[Event "16e Open International - Réunion"]
[Site "Saint-Denis (974)"]
[Date "2014.10.24"]
[Round "8"]
[White "Bah, Ismael"]
[Black "Riviere, Etienne"]
[Result "1-0"]
[WhiteElo "1745"]
[BlackElo "1580"]
[PlyCount "67"]
[EventDate "2014.??.??"]

1. Nf3 d5 2. b4 e6 3. Bb2 Nf6 4. a3 c5 5. bxc5 Bxc5 6. e3 O-O 7. Be2 Nc6 8. O-O
Re8 9. Ne5 Nxe5 10. Bxe5 Nd7 11. Bb2 Qb6 12. Qc1 e5 13. Nc3 Nf6 14. Na4 Qc6 15.
Nxc5 Qxc5 16. d3 Bd7 17. Qd2 Rac8 18. Rfc1 Re6 19. d4 exd4 20. Bxd4 Qd6 21. Qb4
Ne4 22. c4 Qc7 23. Qb2 Rc6 24. f3 Ng5 25. Be5 Qd8 26. cxd5 Rg6 27. Kh1 Rb6 28.
Qd4 f6 29. Bg3 Qe7 30. Rxc8+ Bxc8 31. d6 Qd7 32. Bc4+ Kh8 33. h4 Nxf3 34. Qd5
1-0

[Event "16e Open International - Réunion"]
[Site "Saint-Denis (974)"]
[Date "2014.10.24"]
[Round "8"]
[White "Goorsahye, Antoine"]
[Black "Gallet, Hadrien"]
[Result "1-0"]
[WhiteElo "1726"]
[BlackElo "1614"]
[PlyCount "60"]
[EventDate "2014.??.??"]

1. e4 c5 2. Nf3 d6 3. d4 cxd4 4. Nxd4 a6 5. Nc3 Nc6 6. Be3 Nf6 7. Be2 e6 8. f4
Be7 9. O-O O-O 10. Kh1 Nxd4 11. Qxd4 Qc7 12. a4 Bd7 13. Bf3 e5 14. Qd2 b6 15.
Qf2 Rab8 16. Qg3 Bc6 17. Rad1 Rfd8 18. Rd2 Nd7 19. fxe5 dxe5 20. Bh6 Bf8 21.
Rdf2 Nf6 22. Be2 Kh8 23. Bg5 Be7 24. Qh4 Be8 25. Rxf6 gxf6 26. Bxf6+ Bxf6 27.
Qxf6+ Kg8 28. Rf5 Qd6 29. Rg5+ Kf8 30. Qg7+ Ke7 1-0

[Event "16e Open International - Réunion"]
[Site "Saint-Denis (974)"]
[Date "2014.10.24"]
[Round "8"]
[White "Andriandaza, Tombo Omar"]
[Black "Labrande, Theodore"]
[Result "1-0"]
[WhiteElo "1717"]
[BlackElo "1471"]
[PlyCount "99"]
[EventDate "2014.??.??"]

1. d4 d6 2. e4 Nf6 3. Bd3 g6 4. Ne2 Bg7 5. c3 c6 6. h3 Qc7 7. Be3 Nbd7 8. Nd2
c5 9. a4 b6 10. O-O Bb7 11. Re1 O-O 12. Ng3 Ne8 13. Qe2 d5 14. e5 c4 15. Bc2
Qd8 16. f4 f5 17. Nh1 Nc7 18. g4 fxg4 19. hxg4 e6 20. g5 Qe8 21. Qh2 Nb8 22.
Qh4 Qf7 23. Nf3 Nc6 24. Ng3 Ne7 25. Kg2 Rfd8 26. Nh2 Nf5 27. Nxf5 exf5 28. Nf3
Bf8 29. Rh1 Ne6 30. Rh2 Qg7 31. Rah1 Rd7 32. Qe1 Qh8 33. Nh4 Qg7 34. Nxf5 gxf5
35. Bxf5 Re7 36. Rxh7 Qxh7 37. Rxh7 Rxh7 38. Bxe6+ Kg7 39. f5 Re8 40. f6+ Kh8
41. Bf5 Bc8 42. Bxh7 Kxh7 43. Qh4+ Kg6 44. Qf4 Bf5 45. Bf2 Rc8 46. Qh4 Be4+ 47.
Kg3 Rd8 48. Qh8 Kxg5 49. Be3+ Kg6 50. Qg8+ 1-0

[Event "16e Open International - Réunion"]
[Site "Saint-Denis (974)"]
[Date "2014.10.24"]
[Round "8"]
[White "Francou, Yvon"]
[Black "Fontaine, Willy"]
[Result "1/2-1/2"]
[WhiteElo "1670"]
[BlackElo "1456"]
[PlyCount "149"]
[EventDate "2014.??.??"]

1. e4 d6 2. d4 Nf6 3. Nc3 c6 4. Nf3 Bg4 5. Be2 Bxf3 6. Bxf3 g6 7. O-O Bg7 8.
Bg5 O-O 9. Ne2 Nbd7 10. c3 Rb8 11. Re1 Qb6 12. Rb1 Qa5 13. Bc1 Qxa2 14. Bf4 e5
15. Be3 Qa5 16. Nc1 Qc7 17. dxe5 Nxe5 18. Bxa7 Ra8 19. Be3 Nxf3+ 20. Qxf3 Rfe8
21. Bd4 Re6 22. Qd3 c5 23. Bxf6 Bxf6 24. Ne2 Be5 25. f4 Bg7 26. f5 Ree8 27. Nf4
c4 28. Qf3 Qb6+ 29. Kh1 Be5 30. Nd5 Qd8 31. fxg6 hxg6 32. Qg4 Kg7 33. Re3 Rh8
34. h3 Qh4 35. Qf3 Qh5 36. Qxh5 Rxh5 37. Nb6 Rah8 38. Nxc4 Bf4 39. Rf3 g5 40.
Ne3 Kg6 41. Nd5 Be5 42. Ne7+ Kg7 43. Rbf1 f6 44. Nf5+ Kf8 45. Kg1 g4 46. hxg4
Rh1+ 47. Kf2 Rxf1+ 48. Kxf1 Rh1+ 49. Ke2 Rb1 50. b4 Rb2+ 51. Kd3 Rxg2 52. Kc4
Rxg4 53. Kd5 Rg1 54. Ke6 Rd1 55. c4 b6 56. Ra3 Kg8 57. Ra6 Re1 58. Rxb6 Rxe4
59. Rb8+ Kh7 60. Rb7+ Kg6 61. Nxd6 Bxd6+ 62. Kxd6 Rxc4 63. Rb6 Kg5 64. Rb5+ f5
65. Ke6 Rf4 66. Re5 Kg4 67. b5 Rf1 68. Kd6 f4 69. b6 Rc1 70. Re8 f3 71. b7 Rb1
72. b8=Q Rxb8 73. Rxb8 Kg3 74. Rb3 Kg2 75. Rb2+ 1/2-1/2

[Event "16e Open International - Réunion"]
[Site "Saint-Denis (974)"]
[Date "2014.10.24"]
[Round "8"]
[White "Hoareau, Noe"]
[Black "Weber, Richard"]
[Result "0-1"]
[WhiteElo "1557"]
[BlackElo "1650"]
[PlyCount "56"]
[EventDate "2014.??.??"]

1. e4 d6 2. d4 Nf6 3. Nc3 Nbd7 4. Nf3 e5 5. dxe5 Nxe5 6. Nxe5 dxe5 7. Qxd8+
Kxd8 8. Bc4 Ke8 9. O-O c6 10. Bg5 Nd7 11. a3 f6 12. Be3 Bc5 13. Bxc5 Nxc5 14.
Rad1 b5 15. Ba2 Ke7 16. b4 Nb7 17. Rd3 Rd8 18. Rxd8 Nxd8 19. Bb3 a5 20. bxa5
Rxa5 21. a4 Ba6 22. axb5 Bxb5 23. Nxb5 Rxb5 24. Ra1 c5 25. f3 Rb7 26. Bd5 Rc7
27. c4 Kd6 28. Ra6+ Nc6 0-1

[Event "16e Open International - Réunion"]
[Site "Saint-Denis (974)"]
[Date "2014.10.24"]
[Round "8"]
[White "Dennemont, Bruno"]
[Black "Triton, Maxime"]
[Result "1-0"]
[WhiteElo "1620"]
[BlackElo "1450"]
[PlyCount "55"]
[EventDate "2014.??.??"]

1. e4 d5 2. exd5 Nf6 3. c4 c6 4. Nc3 Bf5 5. Nf3 cxd5 6. d4 e6 7. Bf4 Nc6 8. c5
Be7 9. a3 a6 10. Ne5 O-O 11. Nxc6 bxc6 12. Qa4 Qd7 13. Be2 Qb7 14. b4 Ne4 15.
Nxe4 dxe4 16. f3 Bf6 17. Rd1 Rfe8 18. Be5 Bxe5 19. dxe5 Qc7 20. Rd6 a5 21. b5
cxb5 22. Bxb5 Qxc5 23. Bxe8 Qxe5 24. Rd2 exf3+ 25. Kf2 fxg2 26. Rg1 Bh3 27. Bc6
Qc5+ 28. Rd4 1-0

[Event "16e Open International - Réunion"]
[Site "Saint-Denis (974)"]
[Date "2014.10.24"]
[Round "8"]
[White "Romain, Arnaud"]
[Black "Labrande, Eleonore"]
[Result "1-0"]
[WhiteElo "1582"]
[BlackElo "1400"]
[PlyCount "157"]
[EventDate "2014.??.??"]

1. d4 g6 2. e4 Bg7 3. Nf3 d6 4. b3 a6 5. Bb2 b5 6. Be2 Bb7 7. Nbd2 Nd7 8. O-O
c5 9. Rb1 Ngf6 10. d5 O-O 11. c4 b4 12. Ng5 h6 13. Nh3 e5 14. f4 Nh7 15. Rf3
Qh4 16. f5 Ng5 17. Nxg5 Qxg5 18. Rg3 Qf6 19. Qf1 h5 20. Bc1 h4 21. Rg4 Bh6 22.
Nf3 Bxc1 23. Rxc1 h3 24. gxh3 Qg7 25. Nd2 Qh6 26. Rd1 Qe3+ 27. Kh1 Nf6 28. Rg3
Qf4 29. Qg2 Nh5 30. Bxh5 Qh4 31. Be2 Kh7 32. Rg4 Qf6 33. Qg3 Kg7 34. h4 Kh7 35.
Rf1 Qg7 36. f6 Qh8 37. h5 Rg8 38. h6 Bc8 39. Rg5 Bd7 40. Bg4 Be8 41. Qh3 Ra7
42. Qf3 Rb7 43. Qg3 Ra7 44. Be2 Rc7 45. Rf2 Ra7 46. Qh3 Bd7 47. Bg4 Be8 48. Bc8
a5 49. Nf1 Rc7 50. Qg4 Ra7 51. Ng3 Rc7 52. Ba6 Bd7 53. Qh4 Ra7 54. Bb5 Bc8 55.
Ne2 Rc7 56. Rf3 Ra7 57. Qf2 Rc7 58. h4 Rf8 59. Ng3 Kxh6 60. Qh2 Kh7 61. h5 Kg8
62. h6 Kh7 63. Ne2 Rg8 64. Qf2 Ra7 65. Rfg3 Rc7 66. Rg2 Ra7 67. Rh2 Rc7 68. Ba4
Ra7 69. Qh4 Rc7 70. Rf2 Ra7 71. Rgg2 Rc7 72. Qg5 Ra7 73. Ng3 Rc7 74. Ne2 Ra7
75. Ng1 Rc7 76. Rh2 Ra7 77. Nh3 Rc7 78. Qe3 Ra7 79. Ng5# 1-0

[Event "16e Open International - Réunion"]
[Site "Saint-Denis (974)"]
[Date "2014.10.24"]
[Round "8"]
[White "Mablouke, Ulrich"]
[Black "Caminade, Hugo"]
[Result "1/2-1/2"]
[WhiteElo "1702"]
[BlackElo "1070"]
[PlyCount "54"]
[EventDate "2014.??.??"]

1. e4 g6 2. f4 Bg7 3. c3 d6 4. Nf3 Be6 5. Be2 Nd7 6. d4 c6 7. O-O Ngf6 8. Ng5
O-O 9. Nxe6 fxe6 10. Qb3 d5 11. Nd2 Qb6 12. Qc2 e5 13. fxe5 Nxe5 14. Kh1 Ned7
15. e5 Ne8 16. Bg4 Rd8 17. Be6+ Kh8 18. Bxd7 Rxd7 19. Rxf8+ Bxf8 20. Nb3 e6 21.
Nc5 Rf7 22. Bg5 Qb5 23. h3 Bxc5 24. dxc5 Qxc5 25. Bh4 Rf5 26. Bg3 Qe3 27. Bh2
Rf2 1/2-1/2

[Event "16e Open International - Réunion"]
[Site "Saint-Denis (974)"]
[Date "2014.10.24"]
[Round "8"]
[White "Sandjivy, Mateo"]
[Black "Labrande, Jean Donatien"]
[Result "0-1"]
[WhiteElo "1432"]
[BlackElo "1372"]
[PlyCount "60"]
[EventDate "2014.??.??"]

1. e4 e5 2. Nf3 Nc6 3. Bc4 Bc5 4. Nc3 Nf6 5. O-O d6 6. d3 Bg4 7. Bb5 O-O 8. h3
Bh5 9. Be3 Nd4 10. g4 Nxg4 11. hxg4 Bxg4 12. Kg2 Bxf3+ 13. Qxf3 Nxf3 14. Kxf3
Bxe3 15. Kxe3 Qg5+ 16. Ke2 h5 17. Rg1 Qh6 18. Bc4 c6 19. Rh1 g5 20. f3 Kg7 21.
Rh3 Rh8 22. Rah1 Qg6 23. Ke3 g4 24. fxg4 hxg4 25. Rxh8 Rxh8 26. Rxh8 Kxh8 27.
Kf2 g3+ 28. Kg2 Qf6 29. Kxg3 Kg7 30. Bb3 Kg6 0-1

[Event "16e Open International - Réunion"]
[Site "Saint-Denis (974)"]
[Date "2014.10.24"]
[Round "8"]
[White "Labrande, Mona"]
[Black "Romain, Juliane"]
[Result "0-1"]
[WhiteElo "1200"]
[BlackElo "1412"]
[PlyCount "74"]
[EventDate "2014.??.??"]

1. e4 e5 2. Nf3 Nc6 3. Bc4 Bc5 4. b4 Bxb4 5. c3 Be7 6. d4 d6 7. O-O Bg4 8. h3
Bh5 9. Qb3 Na5 10. Qa4+ c6 11. Bd3 Bxf3 12. gxf3 b5 13. Qc2 Bg5 14. c4 bxc4 15.
Be2 exd4 16. Qb2 d3 17. Qxg7 Bf6 18. Qg4 dxe2 19. Re1 Bxa1 20. Bg5 Nf6 21. Qf5
Rg8 22. h4 h6 23. e5 dxe5 24. Kh2 hxg5 25. h5 Nxh5 26. Qh7 Nf6 27. Qf5 Qd7 28.
Qxf6 Rg6 29. Qh8+ Ke7 30. Qh7 e4 31. Rxe2 Rh8 32. Rxe4+ Kf8 33. Qxh8+ Bxh8 34.
Kg1 Qd1+ 35. Kg2 Rh6 36. f4 Qh1+ 37. Kg3 Qh3# 0-1